000 00607nam a2200217Ia 4500
008 101110s9999 xx 000 0 und d
041 _aMARATHIBHU
082 _bSR32769
100 _aLiman M.S., Rawrekar D.P.
245 _aVyavasthapakiya va vittiya tatve SYBCom (Com-II)
260 _c2009
_bSheth Prakashan, Mumbai
300 _a310
365 _b120
520 _aCommerce
546 _aMARATHIBHU
630 _aVyavasthapakiya va vittiya tatve SYBCom (Com-II)
650 _aCommerce
655 _aCommerce
730 _aVyavasthapakiya va vittiya tatve SYBCom (Com-II)
942 _cBOOK
999 _c825270
_d825267